Greatest Enemies of China - Statistics

General Stats
  • This quiz has been taken 75 times
  • The average score is 12 of 15
Answer Stats
Hint Enemy % Correct
Enpire led by Kublai Khan that conquered China Mongol Empire
97%
Country invaded China in 1931 Japan
94%
Only modern-day superpower United States
93%
China fought this country for the part of Kashmir India
92%
China fought this country during Korean War South Korea
90%
This country defeated China in Opium Wars United Kingdom
90%
Only territory remained under control of Kuomintang after the Civil War Taiwan
86%
Major ally of the United States in the Southeast Asia Philippines
83%
Dalai Lama ruled here until 1951 Tibet
83%
China invaded this communist country in 1979 Vietnam
82%
This colonial power fought China for Vietnam France
79%
Mao blamed this country in betrayal of communist ideas Soviet Union
79%
This country took Tsingtao from China Germany
66%
'Empire' — puppet state of the above Manchukuo
31%
Great Wall of China was built as a protection from this tribal confederation Xiougnu
24%
No matching quizzes found
Score Distribution
Percent of People with Each Score
Percentile by Number Answered
Your Score History
You have not taken this quiz